LEADER 02010nam 2200445Ia 450 001 996385228603316 005 20200824121201.0 035 $a(CKB)4940000000070884 035 $a(EEBO)2240858713 035 $a(UnM)99897963e 035 $a(UnM)99897963 035 $a(EXLCZ)994940000000070884 100 $a19990305d1696 uy | 101 0 $aeng 135 $aurbn||||a|bb| 200 14$aThe whole duty of man$b[electronic resource] $eLaid down in a plain and familiar way for the use of all, but especially the meanest reader. Divided into XVII. chapters; one whereof being read every Lord's Day, the whole may be read over thrice in the year. Necessary for all families. With private devotions for several occasions 210 $aLondon $cprinted for Edw. Pawlet, at the sign of the Bible in Chancery-Lane, near Fleet-street$d1696 215 $a[16], 352, [8] p., [2] leaves of plates $cill 300 $aPublished anonymously and variously attributed to Lady Dorothy Pakington, Archbishop Sterne, Bishop John Fell, and others, although now generally attributed to Richard Allestree--DNB. 300 $aWith a separate dated title page: Private devotions for several occasions, ordinary and extraordinary. 300 $aReproduction of original in the Bodleian Library, Oxford, England. 330 $aeebo-0014 606 $aChristian life$vEarly works to 1800 606 $aDevotional exercises$vEarly works to 1800 606 $aPrayers$vEarly works to 1800 615 0$aChristian life 615 0$aDevotional exercises 615 0$aPrayers 700 $aAllestree$b Richard$f1619-1681.$0793142 702 $aAllestree$b Richard$f1619-1681.$4aut 702 $aFell$b John$f1625-1686, 702 $aSterne$b Richard$f1596?-1683, 702 $aPakington$b Dorothy Coventry$cLady,$fd. 1679, 801 0$bCu-RivES 801 1$bCu-RivES 801 2$bWaOLN 906 $aBOOK 912 $a996385228603316 996 $aThe whole duty of man$92320856 997 $aUNISA LEADER 01737nam 2200433 n 450 001 996387379003316 005 20221107224533.0 035 $a(CKB)1000000000630306 035 $a(EEBO)2248502468 035 $a(UnM)99843432 035 $a(EXLCZ)991000000000630306 100 $a19910716d1626 uy | 101 0 $alat 135 $aurbn||||a|bb| 200 10$aEpigrammata religiosa, officiosa, iocosa$b[electronic resource] $eAnglo-latina, Latina, Anglica. Quibus miscentur anagrammata eiusdem varietatis. In castam seuerioris Musę recreationem, propiorum amicorum iussu publici iuris facta 210 $a[London $cPrinted by William Stansby$d1626] 215 $a[88] p 300 $aIn verse. 300 $aThe name of the author, John Pyne, appears in an anagram on L3v. 300 $aImprint from STC. 300 $aSignatures: A-L4. 300 $aThe first leaf and the last leaf are blank. 300 $aProbably issued with: Pyne, John. Anagrammata regia. [London : Printed by William Stansby, 1626]. 300 $aReproductions of the originals in the British Library and the Henry E. Huntington Library and Art Gallery. 300 $aAppears at reel 785:21 (British Library copy, identified as STC 10428), and at reel 1342:15b (identified as STC 5020, part 2; Henry E. Huntington Library and Art Gallery copy). 330 $aeebo-0216 606 $aEpigrams 606 $aAnagrams 615 0$aEpigrams. 615 0$aAnagrams. 700 $aPyne$b John$fd. 1644.$01009640 801 0$bCu-RivES 801 1$bCu-RivES 801 2$bCStRLIN 801 2$bWaOLN 906 $aBOOK 912 $a996387379003316 996 $aEpigrammata religiosa, officiosa, iocosa$92359106 997 $aUNISA